ბათუმის შოთა რუსთაველის სახელმწიფო უნივერსიტეტის ბიბლიოთეკა

თხზულებათა სრული კრებული : 15 ტომად. ტ.2 (ბიბ.ჩანაწერი № 48746)

000 -LEADER
fixed length control field 00961nam a2200217Ia 4500
001 - CONTROL NUMBER
control field 15646
003 - CONTROL NUMBER IDENTIFIER
control field GE_BSU
008 - FIXED-LENGTH DATA ELEMENTS--GENERAL INFORMATION
fixed length control field 181216s||||||||xx |||||||||||||| ||und||
040 ## - CATALOGING SOURCE
Transcribing agency GE_BSU
100 ## - MAIN ENTRY--PERSONAL NAME
Personal name წერეთელი, ა.
245 ## - TITLE STATEMENT
Title თხზულებათა სრული კრებული : 15 ტომად. ტ.2
245 ## - TITLE STATEMENT
Remainder of title ლექსები, 1880-1900.
245 ## - TITLE STATEMENT
Statement of responsibility, etc. ტექსტი და ვარიანტები დაამუშავა სოლომონ ყუბანეიშვილამ. მხატვ. დ. ქუთათელაძე. და ლ. ქუთათელაძე
260 ## - PUBLICATION, DISTRIBUTION, ETC.
Place of publication, distribution, etc. თბილისი
260 ## - PUBLICATION, DISTRIBUTION, ETC.
Name of publisher, distributor, etc. სახელგამი
260 ## - PUBLICATION, DISTRIBUTION, ETC.
Date of publication, distribution, etc. 1950
300 ## - PHYSICAL DESCRIPTION
Extent 565 გვ. : 1 ფურც. პორტრ.. - 20 სმ.
653 ## - INDEX TERM--UNCONTROLLED
Uncontrolled term თხზულებათა სრული კრებული
653 ## - INDEX TERM--UNCONTROLLED
Uncontrolled term ლექსები
942 ## - ADDED ENTRY ELEMENTS (KOHA)
Koha item type წიგნი
ეგზემპლარები
Withdrawn status Lost status Damaged status Not for loan Date acquired Barcode Date last seen Price effective from Koha item type
        2018-12-17 38811 2018-12-17 2018-12-17 წიგნი